Personnalités célèbres commençant par C - Statistiques

Statistiques générales
  • Ce quiz a été pris 96 fois
  • Le résultat moyen est 9 sur 16
Statistiques - réponses
Par images Réponse % Correct
Calogero
83%
Vincent Cassel
77%
Daniel Craig
72%
Eric Cantona
72%
Camille Cottin
67%
Penélope Cruz
67%
Corneille
63%
Philippe Candeloro
61%
Miley cyrus
60%
John cena
59%
Camille Cerf
57%
Claudio Capéo
57%
Ingrid Chauvin
40%
James Cameron
34%
Fabienne Carat
26%
Darry cowl
11%
Aucun quiz correspondant
Distribution des résultats
% des personnes avec chaque résultat
Percentile par nombre de réponses
Votre historique - résultats
Vous n’avez pas pris ce quiz